000 01034nam a22002897a 4500
003 CHAP
005 20220329140650.0
008 971013s1984 r 00010 d
010 _a55661
011 _a56633
035 _a60786
040 _cCHAP
090 _aFolleto 11888
110 _aServicio Internacional para la Investigación Agrícola Nacional
_9105308
245 _aReport of proceeding
_b: first congress of the African chapter the International Federation of Agricultural Research Systems for Development (IFARD)
260 _aThe Hague :
_bThe service,
_c1984
300 _a29 p.
590 _aBATCH-UPD
_b10
_c20130110
_lUCH01
_h1907
590 _aBATCH-UPD
_b10
_c20130410
_lUCH01
_h1234
590 _aBATCH-UPD
_b10
_c20130914
_lUCH01
_h1852
590 _aCONVERSION
_b10
_c20130109
_lUCH01
_h1330
650 1 4 _aAgricultura
_xInvestigacion
_xCongresos.
_91605
650 1 4 _aOrganismos Internacionales Agrícolas.
_983526
901 _aBK
942 _cFOLL
949 _aFolleto 11888
_bBC
_cFOLL
_d-130808
_eTS1
_i60786
_si
999 _c55661
_d55661